Countries that produce the most .... #1 - Statistics

General Stats
  • This quiz has been taken 934 times
  • The average score is 82 of 90
Answer Stats
'000 Tonnes Country % Correct
2 439,710 United States
100%
2 46,823 United States
100%
4 23,521 United States
100%
3 32,575 United States
100%
4 52,581 United States
100%
5 7,220 United States
100%
1 359,983 United States
100%
1 608,894 China
99%
1 86,582 China
99%
1 225,969 China
99%
1 586,913 China
99%
1 150,127 China
99%
1 154,951 China
99%
1 146,730 China
99%
4 10,570 China
99%
2 268,606 China
99%
1 2,777 China
99%
5 103,261 Brazil
98%
3 39,344 Brazil
98%
3 39,344 Brazil
98%
7 22,596 Brazil
98%
10 7,602 Brazil
98%
2 29,170 Brazil
98%
3 106,353 Brazil
98%
3 321,556 India
98%
5 8,029 India
98%
2 100,666 India
98%
2 131,342 India
98%
3 57,760 India
98%
2 103,600 India
98%
2 118,870 India
98%
1 29,660 India
98%
2 1,390 India
98%
4 109,832 Russia
97%
4 10,629 Russia
97%
9 13,716 Russia
97%
3 73,610 Russia
97%
6 7,200 Russia
97%
9 61,839 France
95%
10 5,462 France
95%
9 7,611 Japan
95%
7 7,04 Mexico
95%
5 22,207 Mexico
95%
5 16,749 Mexico
95%
7 6,180 Mexico
95%
7 70,591 Argentina
94%
9 5,935 Argentina
94%
8 19,750 Argentina
94%
4 64,927 Argentina
94%
5 32,670 Canada
94%
9 4,250 Australia
92%
6 8,025 Germany
92%
8 6,958 Spain
92%
8 19,366 Spain
92%
10 13,298 Spain
92%
6 89,454 Indonesia
90%
7 20,434 Indonesia
90%
4 34,700 Indonesia
90%
7 138 Indonesia
90%
9 17,166 Italy
90%
6 16,310 Vietnam
88%
5 27,100 Vietnam
88%
5 269 Vietnam
88%
7 24,349 Pakistan
86%
8 5,330 Pakistan
86%
6 29,885 Thailand
86%
6 17,655 Thailand
86%
3 14,050 Thailand
86%
6 21,848 Turkey
85%
4 25,884 Turkey
85%
9 19,000 Turkey
85%
6 261 Turkey
85%
8 69,111 Ukraine
85%
8 22,504 Ukraine
85%
6 29,171 Ukraine
85%
7 16,068 Egypt
83%
91 Iran
80%
8 16,059 Nigeria
78%
2 114,185 Nigeria
78%
10 58,812 Bangladesh
76%
3 35,850 Bangladesh
76%
9 91 Bangladesh
76%
10 16,802 Philippines
75%
8 11,927 Philippines
75%
4 40,732 Dem. Rep. Congo
73%
7 12,700 Myanmar
70%
8 132 Myanmar
70%
3 459 Kenya
68%
4 300 Sri Lanka
59%
5 30,316 Ghana
43%
No matching quizzes found
Score Distribution
Percent of People with Each Score
Percentile by Number Answered
Your Score History
You have not taken this quiz